La quête d'Isis : essai sur la légende d'un mythe /
محفوظ في:
المؤلف الرئيسي:
التنسيق: كتاب
اللغة: French
منشور في:
Paris :
Flammarion,
1997.
سلاسل:
Champs ; 628.
الموضوعات:
الوسوم: إضافة وسم
لا توجد وسوم, كن أول من يضع وسما على هذه التسجيلة!
رقم الطلب: BL2450 .I7 B29 1997
| LEADER | 00696nam a22002057a 4500 | ||
|---|---|---|---|
| 005 | 20260202130715.0 | ||
| 008 | 260202t1997 fr a b 000 0 fre d | ||
| 020 | |a 2080816284 | ||
| 040 | |c ARCE Library | ||
| 050 | 1 | 4 | |a BL2450 .I7 |b B29 1997 |
| 100 | 1 | |a Baltrušaitis, Jurgis, |d 1903-1988. | |
| 245 | 1 | 3 | |a La quête d'Isis : |b essai sur la légende d'un mythe / |c Jurgis Baltrušaitis. |
| 260 | |a Paris : |b Flammarion, |c 1997. | ||
| 300 | |a 366 pages : |b illustrations ; |c 18 cm. | ||
| 490 | 0 | |a Champs ; 628. | |
| 600 | |a Isis (divinité égyptienne) |x Culte. | ||
| 600 | |a Isis (divinité égyptienne) |x Dans l'art. | ||
| 650 | 0 | |a Religion égyptienne |x Influence. | |
| 942 | |2 lcc |c BK | ||
| 999 | |c 47262 |d 47262 | ||
